000 00590nam a2200217Ii 4500
003 JO-AjNU
008 230606s9999||||xx |||||||||||||| ||und||
020 _a978-1-138-60342-4
040 _aJO-AjNU
_beng
_erda
_cJO-AjNU
041 _aeng
050 1 4 _aPJ6111.S8 2018
100 3 _asterlikh.R,
_eauthor
_96182
245 0 2 _aA grammar of the Arabic Language
250 _a1ed
264 3 1 _aNEW YORK:Routldge,2018
300 _a363p
336 _atext
_btxt
_2rdacontent
337 _aunmediated
_bn
_2rdamedia
338 _avolume
_bnc
_2rdacarrier
650 4 _aGrammar language
_96183
999 _aE3208
_c3204
_d3204